|
|
|
|
| LEADER |
01989nam a2200409Ia 4500 |
| 001 |
EBC265553 |
| 003 |
MiAaPQ |
| 005 |
20200520144314.0 |
| 006 |
m o d | |
| 007 |
cr cn||||||||| |
| 008 |
051024s2006 caua sb s001 0 eng d |
| 010 |
|
|
|z 2005031019
|
| 015 |
|
|
|a GBA631584
|2 bnb
|
| 016 |
7 |
|
|z 013426132
|2 Uk
|
| 020 |
|
|
|z 0520245903 (cloth : alk. paper)
|
| 020 |
|
|
|z 0520246462 (pbk. : alk. paper)
|
| 035 |
|
|
|a (MiAaPQ)EBC265553
|
| 035 |
|
|
|a (Au-PeEL)EBL265553
|
| 035 |
|
|
|a (CaPaEBR)ebr10129012
|
| 035 |
|
|
|a (OCoLC)70701733
|
| 040 |
|
|
|a MiAaPQ
|c MiAaPQ
|d MiAaPQ
|
| 050 |
|
4 |
|a HD6095
|b .T49 2006
|
| 082 |
0 |
4 |
|a 331.40973/09045
|2 22
|
| 100 |
1 |
|
|a Thistle, Susan.
|
| 245 |
1 |
0 |
|a From marriage to the market
|h [electronic resource] :
|b the transformation of women's lives and work /
|c Susan Thistle.
|
| 260 |
|
|
|a Berkeley :
|b University of California Press,
|c c2006.
|
| 300 |
|
|
|a xiv, 296 p. :
|b ill.
|
| 504 |
|
|
|a Includes bibliographical references (p. 251-286) and index.
|
| 505 |
0 |
|
|a A world turned inside out -- Support for women's domestic economy in the nineteenth and early twentieth centuries -- The breakdown of women's domestic economy after World War II -- Economic difficulties and a contradictory alliance -- The formation of a female underclass -- The "new economy" and the transformation of women's work -- How and why mothers have been shortchanged -- New possibilities and old inequalities.
|
| 533 |
|
|
|a Electronic reproduction. Ann Arbor, MI : ProQuest, 2015. Available via World Wide Web. Access may be limited to ProQuest affiliated libraries.
|
| 650 |
|
0 |
|a Women
|x Employment
|z United States
|x History
|y 20th century.
|
| 650 |
|
0 |
|a Women
|z United States
|x Economic conditions.
|
| 650 |
|
0 |
|a Women
|z United States
|x Social conditions.
|
| 650 |
|
0 |
|a Work and family
|z United States.
|
| 655 |
|
4 |
|a Electronic books.
|
| 710 |
2 |
|
|a ProQuest (Firm)
|
| 856 |
4 |
0 |
|u https://ebookcentral.proquest.com/lib/matrademy/detail.action?docID=265553
|z Click to View
|